书目信息 |
| 题名: |
智慧之光:重大科技事件纪实
|
|
| 作者: | 黄甫生 编著 | |
| 分册: | ||
| 出版信息: | 深圳 海天出版社 1999.05 |
|
| 页数: | 262页 | |
| 开本: | 32开 | |
| 丛书名: | ||
| 单 册: | ||
| 中图分类: | I253.6 | |
| 科图分类: | ||
| 主题词: | 报告文学--中国 , 传记文学--中国 | |
| 电子资源: | ||
| ISBN: | 7-80615-989-4 | |
| 000 | 00625nam0 2200205 45 | |
| 001 | 0011210996 | |
| 005 | 20001121094127.1 | |
| 010 | @a7-80615-989-4@d12.80元 | |
| 100 | @a20001121d1999 km y0chiy0120 ea | |
| 101 | 0 | @achi |
| 105 | @a z 000yy | |
| 200 | 1 | @a智慧之光:重大科技事件纪实@AZhi Hui Zhi Guang:Zhong Da Ke Ji Shi Jian Ji Shi@f黄甫生等编著@FHuang Fu Sheng Deng Bian Zhu |
| 210 | @a深圳@c海天出版社@d1999.05 | |
| 215 | @a262页@d32开 | |
| 606 | 0 | @a报告文学@x中国 |
| 606 | 0 | @a传记文学@x中国 |
| 690 | @aI253.6@v3 | |
| 701 | 0 | @a黄甫生@4编著 |
| 801 | @aCN@bPftUser@c20001121 | |
| 905 | @b414138-140@dI253.6@eH791@f3 | |
| 智慧之光:重大科技事件纪实/黄甫生等编著.-深圳:海天出版社,1999.05 |
| 262页;32开 |
| ISBN 7-80615-989-4:12.80元 |
| ● |
| 相关链接 |
|
|
|
正题名:智慧之光:重大科技事件纪实
索取号:I253.6/H791
 
预约/预借
| 序号 | 登录号 | 条形码 | 馆藏地/架位号 | 状态 | 备注 |
| 1 | 414138 | 204141384 | 社科二线400B/400B社科库 22排3列2层/ [索取号:I253.6/H791] | 在馆 | |
| 2 | 414139 | 204141393 | 自科二线404/108文学库 68排6列3层/ [索取号:I253.6/H791] | 在馆 | |
| 3 | 414140 | 204141400 | 社科二线400B/400B社科库 24排3列3层/ [索取号:I253.6/H791] | 在馆 |